Let's Play Quidditch: Miscellaneous Quiz Stats

 Plays Quiz not verified by Sporcle

Support Sporcle.
Go Orange.
Score 0/150 Timer 05:00
0 Plays Today
% Correct
Soft yellow food
made from cream,
used in cooking
or on toast
100%
Alcoholic
drink, usually
made from malt
with hops
99.8%
Flavor of
a popular Harry
Potter sweet in the
form of a frog
96.3%
butter
93.8%
Animal logo of
car maker Peugeot
or Hogwarts house
Gryffindor
93.8%
Most popular
boy name in the
last 100 years
(USA)
93.1%
beer
92.6%
Animal logo of
a Wisconsin NCAA
team or Hogwarts
house Hufflepuff
92.6%
Girl name
derived from a
flower, ranked #23
in the 2010s (USA)
92.1%
chocolate
91%
lion
89.9%
Film company
which owns the
rights to the Harry
Potter franchise
89.9%
Bludger incoming !
Answering this question
will penalize you
89.9%
badger
87.5%
Dwarfs, deadly
sins, Samurai, days
of the week, Harry
Potter books
87.5%
Bludger incoming !
Answering this question
will penalize you
87.5%
Animal logo of
American Airlines
or Hogwarts house
Ravenclaw
86.6%
American car
manufacturer who
made the Mustang
or the Anglia
86%
Edible seed,
can go with fava,
soy, coffee, kidney
or Bertie Bott
85.8%
England's
oldest university
or Harry Potter
filming location
85.8%
Lily
85.5%
Animal logo of
car maker Alfa
Romeo or Hogwarts
house Slytherin
85%
eagle
84.8%
serpent
84.7%
Ford
84.6%
Awch !
84.3%
James
84.2%
Almost there !
Answering this question
will end the quiz
84%
Ronald is the
mascot of which
fast-food restaurant
chain?
84%
Awch !
83.9%
University of
Oxford
83.6%
bean
83.5%
McDonald's
82.8%
CONGRATULATIONS!

You caught the
Golden Snitch and
won 150 points!

'Ronald' was most
popular in 1947
82.8%
82.8%
82.8%
82.8%
82.8%
82.8%
82.8%
82.8%
82.8%
82.8%
82.8%
82.8%
82.8%
82.8%
82.8%
82.8%
82.8%
% Correct
82.8%
82.8%
82.8%
82.8%
82.8%
82.8%
82.8%
82.8%
82.8%
82.8%
82.8%
82.8%
82.8%
82.8%
82.8%
82.8%
82.8%
82.8%
82.8%
82.8%
82.8%
82.8%
82.8%
82.8%
82.8%
82.8%
82.8%
82.8%
82.8%
82.8%
82.8%
82.8%
82.8%
82.8%
82.8%
82.8%
82.8%
82.8%
82.8%
82.8%
82.8%
82.8%
82.8%
82.8%
82.8%
82.8%
82.8%
82.8%
82.8%
82.8%
% Correct
82.8%
82.8%
82.8%
82.8%
82.8%
82.8%
82.8%
82.8%
82.8%
82.8%
82.8%
82.8%
82.8%
82.8%
82.8%
82.8%
82.8%
82.8%
82.8%
82.8%
82.8%
82.8%
82.8%
82.8%
82.8%
82.8%
82.8%
82.8%
82.8%
82.8%
82.8%
82.8%
82.8%
82.8%
82.8%
82.8%
82.8%
82.8%
82.8%
82.8%
82.8%
82.8%
82.8%
82.8%
82.8%
82.8%
82.8%
82.8%
81.3%
69.7%

You're not logged in!

Compare scores with friends on all Sporcle quizzes.
OR
Log In

From the Vault

Close-Up 'E' Images

by Chenchilla

These images are 'E'-xtreme!!!
Remove Ads.
Support Sporcle.
Get the best of Sporcle when you Go Orange. This ad-free experience offers more features, more stats, and more fun while also helping to support Sporcle. Thank you for becoming a member.

Show Comments

Extras

Top Quizzes Today


Score Distribution

Your Account Isn't Verified!

In order to create a playlist on Sporcle, you need to verify the email address you used during registration. Go to your Sporcle Settings to finish the process.

Report this User

Report this user for behavior that violates our Community Guidelines.

Details: